|
|
|
|
| LEADER |
00752nam a2200205 i 4500 |
| 001 |
c000243993 |
| 003 |
CARM |
| 005 |
00000000000000.0 |
| 008 |
840311s1963 ii 0 eng d |
| 019 |
1 |
|
|a 10219512
|5 LACONCORD2021
|
| 035 |
|
|
|a (OCoLC)221649638
|5 LACONCORD2021
|
| 082 |
0 |
4 |
|a 320.0934
|
| 100 |
1 |
|
|a Saletore, Bhasker Anand.
|
| 245 |
1 |
0 |
|a Ancient Indian political thought and institutions.
|
| 260 |
|
|
|a Bombay :
|b Asia Pub House ,
|c [1963].
|
| 300 |
|
|
|a 695 p.
|
| 650 |
|
0 |
|a Political science
|z India
|x History.
|
| 852 |
8 |
|
|b CARM
|h A2:AQ38G0
|i C08671
|p 0326585
|f BK
|
| 999 |
f |
f |
|i 7e7f7e9c-34f4-55c3-993c-2a797309e5a5
|s c3f4f8a4-880a-5970-ac18-cc2d14e8fa36
|
| 952 |
f |
f |
|p Can circulate
|a CAVAL
|b CAVAL
|c CAVAL
|d CARM 1 Store
|e C08671
|f A2:AQ38G0
|h Other scheme
|i book
|m 0326585
|